000 00469nam a2200145Ia 4500
003 OSt
005 20260129122639.0
008 211028s2018 xx 000 0 und d
040 _cAIMIT LIBRARY
041 _aeng
100 _aMirsan V K, Muhammed; Baretto, Royce Winfred.
_g1616111
_97866
245 _aStudy on efficacy of performance appraisal on employee performance in western India playwood ltd /
260 _aMangalore
_bDhananjaya K.
_c2018
942 _2ddc
_cPRO
999 _c219434
_d219434